<?xml version="1.0" encoding="UTF-8"?>
<resp>
  <nextPage>https://data.bn.org.pl/api/networks/bibs.marcxml?marc=001+b0000600001023&amp;sinceId=600001024</nextPage>
  <collection>
    <record xmlns='http://www.loc.gov/MARC21/slim'><leader>02285ngm a2200661 i 4500</leader><controlfield tag='001'>b0000600001023</controlfield><controlfield tag='005'>20251108084131.6</controlfield><controlfield tag='008'>181219s2014    pl 087       |    vaeng  </controlfield><controlfield tag='009'>9912835407405606</controlfield><datafield ind1=' ' ind2=' ' tag='035'><subfield code='a'>PAR_2PAR_2_12497-48omnis_par</subfield></datafield><datafield ind1=' ' ind2=' ' tag='035'><subfield code='a'>PAR_2_12497</subfield></datafield><datafield ind1=' ' ind2=' ' tag='035'><subfield code='a'>(OCoLC)947168090</subfield></datafield><datafield ind1=' ' ind2=' ' tag='035'><subfield code='a'>(PL)b0000600001023</subfield></datafield><datafield ind1=' ' ind2=' ' tag='040'><subfield code='a'>PAR_2</subfield><subfield code='c'>PAR_2</subfield></datafield><datafield ind1='1' ind2=' ' tag='041'><subfield code='a'>eng</subfield><subfield code='a'>fin</subfield><subfield code='a'>pol</subfield><subfield code='a'>swe</subfield><subfield code='h'>eng</subfield></datafield><datafield ind1='0' ind2='0' tag='245'><subfield code='a'>Minionki /</subfield><subfield code='c'>Universal Pictures ; written by Brian Lynch ; produced by Chris Meledandri, Janet Healy ; directed by Pierre Coffin, Kyle Balda.</subfield></datafield><datafield ind1='1' ind2=' ' tag='246'><subfield code='i'>Tytuł oryginalny:</subfield><subfield code='a'>Minions</subfield></datafield><datafield ind1=' ' ind2=' ' tag='260'><subfield code='a'>Wrocław :</subfield><subfield code='b'>Filmostrada,</subfield><subfield code='c'>2014</subfield></datafield><datafield ind1=' ' ind2=' ' tag='300'><subfield code='a'>1 dysk optyczny (DVD) (87 min) :</subfield><subfield code='b'>dźw., kolor. ;</subfield><subfield code='c'>12 cm.</subfield></datafield><datafield ind1=' ' ind2=' ' tag='336'><subfield code='a'>Obraz ruchomy 2D</subfield><subfield code='b'>tdi</subfield><subfield code='2'>rdacontent.</subfield></datafield><datafield ind1=' ' ind2=' ' tag='337'><subfield code='a'>Wideo</subfield><subfield code='b'>v</subfield><subfield code='2'>rdamedia.</subfield></datafield><datafield ind1=' ' ind2=' ' tag='337'><subfield code='a'>Komputer</subfield><subfield code='b'>c</subfield><subfield code='2'>rdamedia.</subfield></datafield><datafield ind1=' ' ind2=' ' tag='338'><subfield code='a'>Płyta wideo</subfield><subfield code='b'>vd</subfield><subfield code='2'>rdacarrier.</subfield></datafield><datafield ind1=' ' ind2=' ' tag='380'><subfield code='a'>Filmy i seriale.</subfield></datafield><datafield ind1=' ' ind2=' ' tag='500'><subfield code='a'>Opis z etykiety płyty i opakowania.</subfield></datafield><datafield ind1=' ' ind2=' ' tag='500'><subfield code='a'>Dod. druk. stanowi opakowanie i zawiera koment.</subfield></datafield><datafield ind1='0' ind2=' ' tag='511'><subfield code='a'>Wersja oryginalna: Sandra Bullock, Jon Hamm, Michael Keaton [i inni].</subfield></datafield><datafield ind1=' ' ind2=' ' tag='546'><subfield code='a'>Ścieżka dźwiękowa oraz napisy ang., fiń., pol., szw.</subfield></datafield><datafield ind1=' ' ind2='4' tag='648'><subfield code='a'>1901-2000</subfield></datafield><datafield ind1=' ' ind2='4' tag='648'><subfield code='a'>1945-1989</subfield></datafield><datafield ind1=' ' ind2='4' tag='650'><subfield code='a'>Minionki (stworzenia fantastyczne)</subfield></datafield><datafield ind1=' ' ind2='4' tag='650'><subfield code='a'>Walka dobra ze złem</subfield></datafield><datafield ind1=' ' ind2='4' tag='650'><subfield code='a'>Złodzieje</subfield></datafield><datafield ind1=' ' ind2='4' tag='655'><subfield code='a'>Film animowany</subfield></datafield><datafield ind1=' ' ind2='4' tag='655'><subfield code='a'>Prequel</subfield></datafield><datafield ind1=' ' ind2='4' tag='655'><subfield code='a'>Sequel</subfield></datafield><datafield ind1=' ' ind2='4' tag='655'><subfield code='a'>Komedia</subfield></datafield><datafield ind1=' ' ind2='4' tag='655'><subfield code='a'>Film familijny</subfield></datafield><datafield ind1='1' ind2=' ' tag='700'><subfield code='a'>Coffin, Pierre</subfield><subfield code='d'>(1967- )</subfield><subfield code='e'>Reżyseria.</subfield></datafield><datafield ind1='1' ind2=' ' tag='700'><subfield code='a'>Lynch, Brian</subfield><subfield code='d'>(1973- )</subfield><subfield code='e'>Scenariusz.</subfield></datafield><datafield ind1='1' ind2=' ' tag='700'><subfield code='a'>Balda, Kyle</subfield><subfield code='d'>(1971- )</subfield><subfield code='e'>Reżyseria.</subfield></datafield><datafield ind1='1' ind2=' ' tag='700'><subfield code='a'>Healy, Janet</subfield><subfield code='e'>Produkcja.</subfield></datafield><datafield ind1='1' ind2=' ' tag='700'><subfield code='a'>Meledandri, Christopher</subfield><subfield code='d'>(1959- )</subfield><subfield code='e'>Produkcja.</subfield></datafield><datafield ind1=' ' ind2=' ' tag='852'><subfield code='8'>224360990007912</subfield><subfield code='j'>1</subfield><subfield code='b'>PAR_2_1</subfield><subfield code='p'>301500009389</subfield><subfield code='c'>GBP</subfield></datafield><datafield ind1=' ' ind2=' ' tag='852'><subfield code='b'>48OMNIS_NETWORK</subfield><subfield code='8'>9912835407405606</subfield></datafield><datafield ind1=' ' ind2=' ' tag='852'><subfield code='b'>48OMNIS_PAR</subfield><subfield code='8'>991000010219707912</subfield></datafield></record>
  </collection>
</resp>
